000
00244nam a2200109Ia 4500
999
_c
10004
_d
10004
020
_a
978-0073376769
100
_a
James A. O'Brien
245
0
_a
Management Information Systems
260
_a
India
_b
Dorling
_c
1999
300
_a
558
942
_c
BK